1773 1038 1955 1942 1896 1049 1432 1110 1922 1548 1654 1335 1592 1490 1730 1020 1882 1540 1372 1606 1757 1493 1395 1619 1747 1984 1486 1632 1538 1206 1161 1770 1285 1880 1792 1926 1140 1737 1022 1854 1523 1168 1154 1086 1921 1960 1520 1126 1038 1463 1492 1378 1807 1168 1471 1598 1858 1002 1565 1705 1383 1568 1392 1708 1700 1261 1559 1824 1755 1195 1013 1219 1558 1884 1311 1608 1251 1597 1869 1074 1476 1760 1975 1401 1574 1955 1388 1458 1395 1068 1931 1400 1852 1826 1302 1289 1235 1812 1631 BCNSPRNW ULIB Ver.6.0+V

เปลี่ยนเป็นภาษาไทย

Change to English
 แสดงรายละเอียดบรรณานุกรม
  กลับหน้าหลัก

Brief Record : Get Marc (ISO 2709) : E-mail record : QR code < ปิดหน้าต่าง
LEADER : 00000nam 2200000uu 4500
001    13399127474
003     ULIB
008    200604s2018||||th 000 0 tha d
020    ^a9781506258812
020    ^a9781506258829&^8225;c1,570 (set)
050 04 ^aPE1128^bL633B
100 1  ^aLougheed, Lin
245 10 ^aBarron s TOEIC practice exams /^cLin Lougheed
246 30 ^aTOEIC practice exams
250    ^a4th ed.
260    ^aNew York :^bBarron s,^c2018
300    ^aiii, 455 p. :^bill ;^c28 cm.
490 0  ^aBarron s the leader in test preparation
490 0  ^aTOEIC superpack
650  0 ^aTest of English for international communication^xStudy guides
650  0 ^aEnglish language^xExaminations^xStudy guides.
650  0 ^aEnglish language^xExaminations, questions, etc.
650  0 ^aEnglish language^xTextbooks for foreign speakers.
945    ^p0^l0^i28380
999    ^aกัณชพร จุลอักษร
รายการนี้ยังไม่มีแท็ก
คุณยังไม่ได้ล็อกอิน คุณสามารถมีกิจกรรมร่วมกับเว็บไซต์ได้ แต่ต้องล็อกอินก่อน ::
  ล็อกอิน

รายการสื่อสารสนเทศ

ลำดับที่ ประเภท เลขเรียก/บาร์โค้ด สถานที่ สถานะ
1. หนังสือสำรอง
หนังสือสำรอง
PE1128 L633B ฉ.1 
  Barcode: 28380
ห้องสมุดวิทยาเขตนครสวรรค์
►หนังสือทั่วไป:l:General Books
บนชั้น

รายการใกล้เคียง
    ผู้แต่ง [Lougheed, Lin]

BibComment


ยังไม่เคยถูกคอมเมนท์

คอมเมนท์ทรัพยากรรายการนี้
  คอมเมนท์: Barron s TOEIC p..


 Copyright 2026. Bcnsprnw @Library